| 000 | 01096nam a2200301 i 4500 | ||
|---|---|---|---|
| 001 | bg | ||
| 100 | 1 | _aAMATO, Vito | |
| 245 | 1 | 0 |
_aAkademia Sieci Cisco : _bdrugi rok nauki / _cVito Amato ; przekł. z 2 wyd. amerykańskiego Michał Dadan, Irmina Gogołowicz ; Cisco Systems. |
| 246 |
_iTyt. oryg.: _aCisco Networing Academy Program : second-year companion guide |
||
| 260 |
_aWarszawa : _b"Mikom", _c2001. |
||
| 300 |
_a761 s. : _bil. ; _c24 cm. + + _eCD ROM. |
||
| 500 | _aTyt. oryg.: "Cisco Networing Academy Program : second-year companion guide" 2001. | ||
| 504 | _aIndeks. | ||
| 521 | _aJedyny autoryzowany podręcznik programu Akademia Sieci Cisco. | ||
| 650 | 9 | _aSieć komputerowa | |
| 650 | 9 | _aCisco | |
| 655 | _aPodręczniki | ||
| 700 | 1 |
_aDADAN, Michał. _eTł. |
|
| 700 | 1 |
_aGOGOŁOWICZ, Irmina. _eTł. |
|
| 020 | _a8372791929 | ||
| 040 | _cBPK | ||
| 041 | 1 |
_apl _hen |
|
| 080 | _a004.7(07) | ||
| 920 | _a83-7279-192-9 | ||
| 942 | _cKS | ||
| 008 | s pl f |000 0 pol | ||
| 999 |
_c42273 _d42273 |
||
| 856 |
_uhttp://koha.tu.koszalin.pl/cgi-bin/koha/opac-detail.pl?biblionumber=42273 _yKatalog online BPK |
||